000 00691nam a22002537a 4500
003 UA-OsUOA
001 129395
007 ta
008 20180301b un ||||| |||| 00| 0 ukr d
100 _aМіндюк О. К.
090 _a94(477.75)(=161.1)
_bМ71
942 _cBK
040 _aUA-OsUOA
_bukr
_cUA-OsUOA
_dUA-OsUOA
245 _aУкраїнці - корінний народ Криму
300 _a32 с.
955 _a1
041 _aukr
080 _a94(477.75)(=161.1)
020 _a966-7445-65-8
260 _aК.
_bВелес
_c2009
250 _nВид. 3-тє, доп.
650 7 _a9 Географія. Біографії. Історія
_2UDC
999 _c417225
_d417225